[Event "Mittelfrank Regionalliga Sud-Ost 2223"]
[Site "Mittelfranken"]
[Date "2023.03.19"]
[Round "8.4"]
[White "Bauer, Robert"]
[Black "Theumer, Lutz"]
[Result "1-0"]
[WhiteElo "2085"]
[BlackElo "1978"]
[PlyCount "39"]
[EventDate "2022.10.09"]
[EventType "team-tourn"]
[EventRounds "9"]
[EventCountry "GER"]
[SourceTitle "EXT 2024"]
[Source "ChessBase"]
[SourceDate "2023.10.10"]
[SourceVersion "1"]
[SourceVersionDate "2023.10.10"]
[SourceQuality "1"]
[WhiteTeam "Freising"]
[BlackTeam "Moosburg"]
[WhiteTeamCountry "GER"]
[BlackTeamCountry "GER"]

1. e4 e6 2. d4 d5 3. Nc3 Nf6 4. e5 Nfd7 5. f4 c5 6. Nf3 Nc6 7. Be3 a6 8. Qd2 b5 9. a3 Qa5 10. dxc5 b4 11. Na2 bxa3 12. b4 Qa4 13. Nd4 Nxd4 14. Bxd4 a5 15. Nc3 Qxb4 16. Rb1 a2 17. Rxb4 a1Q+ 18. Rb1 Qa3 19. Nb5 Qa2 20. Ra1 1-0

[Event "Landesliga Sued 1920"]
[Site "Bayern"]
[Date "2020.03.01"]
[Round "7.4"]
[White "Bauer, Robert"]
[Black "Hahn, Christoph"]
[Result "0-1"]
[WhiteElo "2059"]
[BlackElo "2152"]
[PlyCount "72"]
[EventDate "2019.09.29"]
[EventType "team-tourn"]
[EventRounds "9"]
[EventCountry "GER"]
[SourceTitle "EXT 2021"]
[Source "ChessBase"]
[SourceDate "2020.10.23"]
[SourceVersion "1"]
[SourceVersionDate "2020.10.23"]
[SourceQuality "1"]
[WhiteTeam "Freising"]
[BlackTeam "Kriegshaber"]
[WhiteTeamCountry "GER"]
[BlackTeamCountry "GER"]

1. e4 c5 2. Nf3 e6 3. d4 cxd4 4. Nxd4 Nf6 5. Bd3 d5 6. e5 Nfd7 7. Nxe6 fxe6 8. Qh5+ Ke7 9. Bg5+ Nf6 10. Nc3 Nbd7 11. exf6+ gxf6 12. Bh4 Bg7 13. 0-0-0 Nb6 14. Rhe1 Kf8 15. Kb1 Bd7 16. f4 Qe8 17. Qf3 Qf7 18. g4 Rc8 19. Nb5 Bxb5 20. Bxb5 a6 21. Bd3 Na4 22. c3 h5 23. Bc2 hxg4 24. Qxg4 f5 25. Qg3 Nxb2 26. Rd4 Bxd4 27. cxd4 Nc4 28. Bg5 Nd2+ 29. Kb2 Qc7 30. Qd3 Rxh2 31. Rxe6 Ne4 32. Be7+ Qxe7 33. Rxe7 Rhxc2+ 34. Kb1 Rc1+ 35. Kb2 R8c2+ 36. Kb3 Rc3+ 0-1

[Event "Landesliga Sued 1920"]
[Site "Bayern"]
[Date "2019.11.10"]
[Round "2.4"]
[White "Dirr, Ulrich"]
[Black "Bauer, Robert"]
[Result "1-0"]
[WhiteElo "2216"]
[BlackElo "2059"]
[PlyCount "76"]
[EventDate "2019.09.29"]
[EventType "team-tourn"]
[EventRounds "9"]
[EventCountry "GER"]
[SourceTitle "EXT 2021"]
[Source "ChessBase"]
[SourceDate "2020.10.23"]
[SourceVersion "1"]
[SourceVersionDate "2020.10.23"]
[SourceQuality "1"]
[WhiteTeam "MSA Zugzwang II"]
[BlackTeam "Freising"]
[WhiteTeamCountry "GER"]
[BlackTeamCountry "GER"]

1. e4 d5 2. exd5 Nf6 3. d4 Bg4 4. Nf3 Qxd5 5. Be2 Nc6 6. h3 Qh5 7. 0-0 0-0-0 8. hxg4 Nxg4 9. c3 e5 10. Nh4 f5 11. f3 Nf6 12. g3 f4 13. Qe1 g5 14. Nf5 g4 15. fxg4 Nxg4 16. Bxg4 Qxg4 17. Bxf4 exf4 18. Qe6+ Kb8 19. Rxf4 Qd1+ 20. Rf1 Qg4 21. Rf4 Qd1+ 22. Kg2 Bd6 23. Nxd6 cxd6 24. Rf1 Qc2+ 25. Rf2 Qc1 26. Qe2 Qh6 27. Nd2 Rde8 28. Rh1 Qg6 29. Qh5 Qd3 30. Qf5 Qe3 31. Rxh7 Rhg8 32. Nf1 Qe1 33. Qf7 Qe4+ 34. Kg1 Ne7 35. Rh4 Qd3 36. Qf3 Qb1 37. a3 Ng6 38. Rh7 Nf8 1-0

[Event "Regionalliga Sued-Ost 1718"]
[Site "Bayern"]
[Date "2018.02.04"]
[Round "6.4"]
[White "Bauer, Robert"]
[Black "Feierlein, Robert"]
[Result "1/2-1/2"]
[WhiteElo "2079"]
[BlackElo "2059"]
[PlyCount "98"]
[EventDate "2017.10.22"]
[EventType "team-tourn"]
[EventRounds "9"]
[EventCountry "GER"]
[SourceTitle "EXT 2022"]
[Source "ChessBase"]
[SourceDate "2021.10.06"]
[SourceVersion "1"]
[SourceVersionDate "2021.10.06"]
[SourceQuality "1"]
[WhiteTeam "Freising SK"]
[BlackTeam "Groebenzell II"]
[WhiteTeamCountry "GER"]
[BlackTeamCountry "GER"]

1. e4 d6 2. Nc3 g6 3. f4 Bg7 4. Nf3 c5 5. Bb5+ Bd7 6. Bc4 Nc6 7. 0-0 e6 8. d3 Nge7 9. f5 gxf5 10. Ng5 Ne5 11. Qh5 N7g6 12. exf5 exf5 13. Bd2 Nxc4 14. dxc4 Be6 15. Rae1 Qd7 16. Nxe6 fxe6 17. Qxf5 Be5 18. Qg5 Qe7 19. Qg4 Kd7 20. Nd5 Qg7 21. Nf6+ Kc6 22. Qxe6 Rhf8 23. Nh5 Qd7 24. Qd5+ Kc7 25. Ng3 Rae8 26. Bc3 Bxg3 27. hxg3 Rxe1 28. Rxe1 Qg4 29. Qd3 h5 30. Re4 Qf5 31. Qe2 Qg5 32. Be1 Ne5 33. b4 b6 34. bxc5 bxc5 35. Ba5+ Kd7 36. Rf4 Rxf4 37. gxf4 Qxf4 38. Qxh5 Qc1+ 39. Kh2 Qf4+ 40. Kg1 Qe3+ 41. Kh2 Qf4+ 42. Kh3 Qe4 43. Bd2 Qxc2 44. Bf4 Qxc4 45. Bxe5 Qe6+ 46. g4 dxe5 47. Qh7+ Qe7 48. Qe4 Ke8 49. a4 Kf7 1/2-1/2

[Event "Landesliga Sued 1516"]
[Site "Bayern"]
[Date "2016.03.13"]
[Round "8.4"]
[White "Bauer, Robert"]
[Black "Mayerhofer, Peter"]
[Result "1/2-1/2"]
[WhiteElo "2101"]
[BlackElo "2137"]
[PlyCount "81"]
[EventDate "2015.10.11"]
[EventType "team-tourn"]
[EventRounds "9"]
[EventCountry "GER"]
[SourceTitle "EXT 2018"]
[Source "ChessBase"]
[SourceDate "2017.10.13"]
[SourceVersion "1"]
[SourceVersionDate "2017.10.13"]
[SourceQuality "1"]
[WhiteTeam "Freising"]
[BlackTeam "Weilheim"]
[WhiteTeamCountry "GER"]
[BlackTeamCountry "GER"]

1. e4 c5 2. Nf3 e6 3. d4 cxd4 4. Nxd4 a6 5. Nc3 Qc7 6. Bd3 Nc6 7. Nxc6 bxc6 8. 0-0 Nf6 9. Qe2 d6 10. f4 e5 11. Na4 Be7 12. c4 0-0 13. b3 Rb8 14. Kh1 Re8 15. Bd2 a5 16. Rac1 Nd7 17. f5 Ra8 18. Rf3 Qd8 19. Rcf1 Bf6 20. Rh3 d5 21. Qh5 Nf8 22. cxd5 cxd5 23. Nc3 Bb7 24. Nxd5 Bxd5 25. exd5 Qxd5 26. Bc4 Qb7 27. Be3 Rab8 28. Rg3 Red8 29. Bh6 Rd6 30. h3 Qe7 31. Qg4 Rd4 32. Qe2 Nd7 33. Be3 Rd6 34. Bd2 Qd8 35. Bc3 Qc7 36. Qh5 Nc5 37. Bxa5 Qxa5 38. Qxf7+ Kh8 39. Rxg7 Bxg7 40. f6 Bh6 41. Qh5 1/2-1/2

[Event "Landesliga Sued 1516"]
[Site "Bayern"]
[Date "2016.01.31"]
[Round "6.3"]
[White "Dmitrenko, Viktor"]
[Black "Bauer, Robert"]
[Result "1-0"]
[WhiteElo "2315"]
[BlackElo "2101"]
[PlyCount "67"]
[EventDate "2015.10.11"]
[EventType "team-tourn"]
[EventRounds "9"]
[EventCountry "GER"]
[SourceTitle "EXT 2018"]
[Source "ChessBase"]
[SourceDate "2017.10.13"]
[SourceVersion "1"]
[SourceVersionDate "2017.10.13"]
[SourceQuality "1"]
[WhiteTeam "Muenchen 36"]
[BlackTeam "Freising"]
[WhiteTeamCountry "GER"]
[BlackTeamCountry "GER"]

1. Nf3 d5 2. d4 Nf6 3. c4 c6 4. Nc3 e6 5. g3 Nbd7 6. cxd5 exd5 7. Bg2 Bd6 8. 0-0 0-0 9. Bf4 Bxf4 10. gxf4 Nh5 11. e3 g6 12. b4 Qb6 13. b5 Nhf6 14. Ne5 cxb5 15. Qb3 a6 16. Rfc1 Qd8 17. Nxd5 Nxd5 18. Qxd5 Rb8 19. Rxc8 Rxc8 20. Nxd7 Re8 21. Nc5 Qf6 22. Ne4 Qe7 23. Qe5 Qxe5 24. fxe5 Re7 25. Nc5 Rcc7 26. Rb1 Kf8 27. Bd5 Ke8 28. Kg2 Kd8 29. a4 Rxe5 30. Nxb7+ Rxb7 31. dxe5 Rb6 32. axb5 axb5 33. Bxf7 Ke7 34. Bd5 1-0

[Event "Landesliga Sued 1516"]
[Site "Bayern"]
[Date "2016.01.17"]
[Round "5.3"]
[White "Kern, Johannes"]
[Black "Bauer, Robert"]
[Result "1-0"]
[WhiteElo "2196"]
[BlackElo "2101"]
[PlyCount "61"]
[EventDate "2015.10.11"]
[EventType "team-tourn"]
[EventRounds "9"]
[EventCountry "GER"]
[SourceTitle "EXT 2018"]
[Source "ChessBase"]
[SourceDate "2017.10.13"]
[SourceVersion "1"]
[SourceVersionDate "2017.10.13"]
[SourceQuality "1"]
[WhiteTeam "Trostberg"]
[BlackTeam "Freising"]
[WhiteTeamCountry "GER"]
[BlackTeamCountry "GER"]

1. f4 Nf6 2. Nf3 c5 3. e3 g6 4. Be2 Bg7 5. 0-0 0-0 6. d3 d5 7. a4 Nc6 8. Ne5 Qc7 9. Nxc6 bxc6 10. Bf3 Ba6 11. Nc3 Rab8 12. Ra2 c4 13. d4 Rfd8 14. Qe1 Bc8 15. Qe2 Ne8 16. Bd2 Nd6 17. Be1 h5 18. h3 e6 19. Nd1 Ba6 20. c3 c5 21. g4 hxg4 22. hxg4 Rd7 23. Qg2 Rb3 24. Bf2 cxd4 25. exd4 Bb7 26. Ne3 Bc6 27. f5 Qb7 28. Bh4 Bxd4 29. cxd4 Rxe3 30. Bf6 Kf8 31. Qh2 1-0